| 000 | 00437nam a2200181Ia 4500 | ||
|---|---|---|---|
| 001 | 23406 | ||
| 005 | 20260414150935.0 | ||
| 008 | 260414t2017||||xx |||||||||||||| ||spa|| | ||
| 041 | _aESP | ||
| 082 |
_a641.59854 _bR93 |
||
| 100 |
_aRuiz Rosas, Alonso _eAUT |
||
| 245 | 0 |
_aLa gran cocina mestiza de Arequipa _b |
|
| 260 | _c2017 | ||
| 300 |
_a577 páginas : _c25 cm. |
||
| 650 | _aCIS | ||
| 654 | _aCAN | ||
| 942 |
_cLIB _dJUS _fJUS _2ddc _n |
||
| 999 |
_c23406 _d23406 |
||